Movies Quiz

Random Movies or Star Wars Quiz

60 Second Blitz: Star Wars Words Quiz Stats

Quiz not verified by Sporcle

Challenge
Share
Tweet
Embed
Score 0/25 Timer 01:00
0 Plays Today
% Correct
The
97.2%
A
95.7%
of
95.4%
Jedi
93.2%
Return
92.4%
New
91.1%
Empire
91%
Hope
90.9%
Strikes
90.1%
Back
89.4%
Sith
88.2%
Phantom
88.1%
Menace
86.9%
% Correct
Revenge
86.3%
Clones
85.6%
Attack
85.2%
Wars
61.1%
Star
58.2%
I
43.6%
Episode
41.3%
II
38.5%
V
38.2%
III
37.5%
IV
37.1%
VI
36%

You're not logged in!

Compare scores with friends on all Sporcle quizzes.
Join for Free
OR
Log In

You Might Also Like...

Show Comments

Extras

Top Quizzes Today


Score Distribution

Your Account Isn't Verified!

In order to create a playlist on Sporcle, you need to verify the email address you used during registration. Go to your Sporcle Settings to finish the process.

Report this User

Report this user for behavior that violates our Community Guidelines.

Details: